<?xml version="1.0" encoding="UTF-8"?>
<collection xmlns="http://www.loc.gov/MARC21/slim">
 <record>
  <leader>     na                 </leader>
  <controlfield tag="001">INLIS000000000014722</controlfield>
  <controlfield tag="005">20250728024030</controlfield>
  <datafield tag="035" ind1=" " ind2=" ">
   <subfield code="a">0010-0725000008</subfield>
  </datafield>
  <datafield tag="245" ind1="1" ind2=" ">
   <subfield code="a">Politik hukum komunikasi :</subfield>
   <subfield code="b">Kebijakan, hukum, dan etika media massa cetak, elektronik, dan new media /</subfield>
   <subfield code="c">Dr. H. Mahi M. Hkikmat, M.Si.</subfield>
  </datafield>
  <datafield tag="100" ind1="0" ind2=" ">
   <subfield code="a">Mahi M. Hkikmat</subfield>
  </datafield>
  <datafield tag="300" ind1=" " ind2=" ">
   <subfield code="a">x, 246 hlm.; 23 cm.</subfield>
  </datafield>
  <datafield tag="260" ind1=" " ind2=" ">
   <subfield code="a">Jakarta :</subfield>
   <subfield code="b">Kencana,</subfield>
   <subfield code="c">2024</subfield>
  </datafield>
  <datafield tag="082" ind1=" " ind2=" ">
   <subfield code="a">343.598 099 4</subfield>
  </datafield>
  <datafield tag="084" ind1=" " ind2=" ">
   <subfield code="a">343.598 099 4 MAH p</subfield>
  </datafield>
  <datafield tag="020" ind1=" " ind2=" ">
   <subfield code="a">978-623-384-605-9</subfield>
  </datafield>
  <datafield tag="650" ind1=" " ind2=" ">
   <subfield code="a">Jurnalisme</subfield>
  </datafield>
  <datafield tag="650" ind1=" " ind2=" ">
   <subfield code="a">Media massa - Indonesia - Aspek hukum</subfield>
  </datafield>
  <datafield tag="520" ind1=" " ind2=" ">
   <subfield code="a">Ilmu komunikasi terus berkembang dan beradaptasi sesuai dengan kemajuan zaman, terutama dalam konteks perkembangan teknologi informasi dan komunikasi yang muncul setelah lahirnya Internet. Komunikasi dalam platform elektronik/digital (new media) telah menjadi keniscayaan hidup dan bagian integral dari kehidupan manusia di seluruh dunia. &#13;
&#13;
Berbagai wacana dan isu baru juga bermunculan seiring dengan lahirnya new media tersebut. Karena itu semua pihak yang tertarik atau menggeluti bidang komunikasi pada umumnya, dan komunikasi pada ranah akademik pada khususnya, dewasa ini perlu pula dibekali dengan pengetahuan dasar dan teori-teori yang kuat agar bisa memahami dan mengembangkan ilmu komunikasi dan menerapkannya dengan baik dalam kehidupan.</subfield>
  </datafield>
  <controlfield tag="008">250728                e          0 ind  </controlfield>
  <datafield tag="250" ind1=" " ind2=" ">
   <subfield code="a">1</subfield>
  </datafield>
  <datafield tag="990" ind1=" " ind2=" ">
   <subfield code="a">025.3750/PC/25</subfield>
  </datafield>
  <datafield tag="990" ind1=" " ind2=" ">
   <subfield code="a">025.3751/PC/25</subfield>
  </datafield>
  <datafield tag="990" ind1=" " ind2=" ">
   <subfield code="a">025.3752/PC/25</subfield>
  </datafield>
  <datafield tag="990" ind1=" " ind2=" ">
   <subfield code="a">025.3752/PC/25</subfield>
  </datafield>
  <datafield tag="990" ind1=" " ind2=" ">
   <subfield code="a">025.3750/PC/25</subfield>
  </datafield>
  <datafield tag="990" ind1=" " ind2=" ">
   <subfield code="a">025.3751/PC/25</subfield>
  </datafield>
  <datafield tag="990" ind1=" " ind2=" ">
   <subfield code="a">025.3751/PC/25</subfield>
  </datafield>
  <datafield tag="990" ind1=" " ind2=" ">
   <subfield code="a">025.3750/PC/25</subfield>
  </datafield>
  <datafield tag="990" ind1=" " ind2=" ">
   <subfield code="a">025.3752/PC/25</subfield>
  </datafield>
  <datafield tag="990" ind1=" " ind2=" ">
   <subfield code="a">025.3750/PC/25</subfield>
  </datafield>
  <datafield tag="990" ind1=" " ind2=" ">
   <subfield code="a">025.3751/PC/25</subfield>
  </datafield>
  <datafield tag="990" ind1=" " ind2=" ">
   <subfield code="a">025.3752/PC/25</subfield>
  </datafield>
 </record>
</collection>
